| Tag |
First Indicator |
Second Indicator |
Subfields |
| LEADER |
00000cam a2200000 4500 |
| 001 |
in00000036324 |
| 005 |
20151007060828.0 |
| 008 |
720410s1958 nyu 00001 eng u |
| 010 |
|
|
|a 57012400
|
| 035 |
|
|
|a (OCoLC)00280032
|
| 035 |
|
|
|9 AAD0310AM
|
| 040 |
|
|
|c WSU
|d TXA
|d UtOrBLW
|
| 049 |
|
|
|a TXAM
|c [299096]
|
| 050 |
|
0 |
|a PZ4.B26772
|b Pu
|
| 090 |
|
|
|a PS3503.A627
|b P87 1958
|
| 092 |
|
|
|a 813
|b B268p
|
| 100 |
1 |
|
|a Barr, Stringfellow,
|d 1897-1982.
|
| 245 |
1 |
0 |
|a Purely academic :
|b a novel.
|
| 264 |
|
1 |
|a New York :
|b Simon and Schuster,
|c 1958.
|
| 300 |
|
|
|a 304 pages ;
|c 22 cm.
|
| 336 |
|
|
|a text
|b txt
|2 rdacontent
|
| 337 |
|
|
|a unmediated
|b n
|2 rdamedia
|
| 338 |
|
|
|a volume
|b nc
|2 rdacarrier
|
| 999 |
|
|
|a MARS
|
| 999 |
f |
f |
|s b3a33282-0110-3263-bb53-792a6860b146
|i 4830bbda-67c2-39df-9a95-8e02e9662bae
|t 0
|
| 952 |
f |
f |
|p ric
|a Texas A&M University
|b Rellis Campus
|c Joint Library Facility
|d Remote Storage
|t 0
|e PS3503.A627 P87 1958
|h Library of Congress classification
|i unmediated -- volume
|m A14801228632
|
| 998 |
f |
f |
|a PS3503.A627 P87 1958
|t 0
|l Remote Storage
|